000 00773nam a2200181 a 4500
008 090526s2009 ||||||||||||||||| || u
020 _a9280512579
050 _aWIPO(02)
110 _aWorld Intellectual Property Organization (WIPO)
245 1 0 _aUnderstanding industrial property
260 _aGeneva
_bWIPO
_c(2009)
300 _a20p.
350 _a0.00
650 _aINTELLECTUAL PROPERTY RIGHTS
650 _aDESIGN, INDUSTRIAL
995 _aSPECIAL COLLECTIONS
_D0.00
_e03004294
_FCBU-MAIN LIBRARY (Kitwe)
_H1
_I0.00
_jWIPO(02)2009/3A
_M1
_UAVAILABLE
_WJul 1, 2009
_yZ03004294
_ZInternational Publications
995 _aSPECIAL COLLECTIONS
_D0.00
_e03004295
_FCBU-MAIN LIBRARY (Kitwe)
_H1
_I0.00
_jWIPO(02)2009/3B
_M2
_UAVAILABLE
_WJul 1, 2009
_yZ03004295
_ZInternational Publications
999 _c78467
_d78467